Longman preparation series for the new TOEIC® test : Listening and reading. Introductory course
Longman Preparation Series for the New TOEIC® Test: Introductory Course, Fourth Edition, gives beginning through low-intermediate students the skills, strategy, practice, and confidence they need to increase their scores on the new TOEIC® test. Ideal for a TOEIC® test preparation course or for self-...
محفوظ في:
| المؤلف الرئيسي: | |
|---|---|
| التنسيق: | كتاب |
| اللغة: | Undetermined |
| منشور في: |
White Plains, NY
Pearson Education
2013
|
| الموضوعات: | |
| الوسوم: |
إضافة وسم
لا توجد وسوم, كن أول من يضع وسما على هذه التسجيلة!
|
| Thư viện lưu trữ: | Trung tâm Học liệu Trường Đại học Cần Thơ |
|---|
| LEADER | 01159nam a2200217Ia 4500 | ||
|---|---|---|---|
| 001 | CTU_238820 | ||
| 008 | 210402s9999 xx 000 0 und d | ||
| 082 | |a 428.0076 | ||
| 082 | |b L887 | ||
| 100 | |a Lougheed, Lin | ||
| 245 | 0 | |a Longman preparation series for the new TOEIC® test : | |
| 245 | 0 | |b Listening and reading. Introductory course | |
| 245 | 0 | |c Lin Lougheed | |
| 260 | |a White Plains, NY | ||
| 260 | |b Pearson Education | ||
| 260 | |c 2013 | ||
| 520 | |a Longman Preparation Series for the New TOEIC® Test: Introductory Course, Fourth Edition, gives beginning through low-intermediate students the skills, strategy, practice, and confidence they need to increase their scores on the new TOEIC® test. Ideal for a TOEIC® test preparation course or for self-study, the Introductory Course is intended for students who achieve TOEIC® test scores from 200 to 500. | ||
| 650 | |a Test of English for International Communication,English language,Kiểm tra tiếng anh giao tiếp quốc tế,Tiếng anh | ||
| 650 | |x Examinations,Sự thi tuyển | ||
| 910 | |a Tuyến | ||
| 980 | |a Trung tâm Học liệu Trường Đại học Cần Thơ | ||